Pět kroků k úspěšnému outsourcingu mezd

Úspešný outsourcing spracovania miezd - skúsenosti.

Guardado en:
Detalles Bibliográficos
Autor principal: Vávrová, Alena
Formato: Capítulo de libro
Lenguaje:checo
Materias:
Etiquetas: Agregar Etiqueta
Sin Etiquetas, Sea el primero en etiquetar este registro!

MARC

LEADER 00000naa a2200000 4500
001 0165074
005 20231019115820.8
041 0 |a cze 
044 |a CZ 
245 1 0 |a Pět kroků k úspěšnému outsourcingu mezd  |c Alena Vávrová 
520 |a Úspešný outsourcing spracovania miezd - skúsenosti. 
610 2 0 |a mzdy 
610 2 0 |a outsourcing 
100 1 |a Vávrová, Alena